000 00383nam a2200157 4500
008 170202s2014||||xo d
100 1 _aDowdenová Angela
_9178
245 1 0 _a100 receptov na pôstne dni
250 _a1. vydanie
260 _bIKAR
_aBratislava
_c2014
300 _a191 s.
020 _a978-80-551-3749-0
_c1,00
041 1 _aslo
044 _axo
_cSK
958 _aAPR
999 _c21298
_d21298